Sentido y no sentido de la religion: ensayo sobre el lenguaje y fenomenología religiosos
Saved in:
| Hovedforfatter: | |
|---|---|
| Format: | Bog |
| Sprog: | spansk |
| Udgivet: |
Barcelona
Kairós
1970
|
| Serier: | Kairós Ensayos
|
| Fag: | |
| Tags: |
Tilføj Tag
Ingen Tags, Vær først til at tagge denne postø!
|
MARC
| LEADER | 00000nam a2200000 a 4500 | ||
|---|---|---|---|
| 001 | UCZ5306 | ||
| 003 | CL-VaPUC | ||
| 008 | 951117e19700000SP |||||||||||||||||spa|d | ||
| 082 | 0 | 4 | |a 201 |b STE |2 21 |
| 100 | 0 | |a Stenson, Sten H |e author |9 349258 | |
| 245 | 1 | 0 | |a Sentido y no sentido de la religion: ensayo sobre el lenguaje y fenomenología religiosos |
| 300 | |a 275 p | ||
| 942 | |c BK | ||
| 945 | |d 19951117 00:00:00 |a lriquelm | ||
| 260 | |a Barcelona |b Kairós |c 1970 | ||
| 650 | 0 | |a Filosofía cristiana |9 265980 | |
| 650 | 0 | |a Fenomenología |9 256519 | |
| 650 | 0 | |a Existencialismo |9 265698 | |
| 650 | 0 | |a Teología |9 258766 | |
| 650 | 0 | |a Creencia Religiosa |9 316904 | |
| 583 | |a last modification |c 19951117 00:00:00 |k Rodrigo Vera | ||
| 490 | 0 | |a Kairós Ensayos | |
| 999 | |c 241625 |d 241623 | ||
| 952 | |0 0 |1 0 |4 0 |6 201_000000000000000_STE_1970 |7 0 |8 A |9 254003 |a BIBEDU |b BIBEDU |d 2019-11-19 |i 1571095 |o 201 STE 1970 |p 1571095 |r 2019-11-19 |w 2019-11-19 |y BK |k FIL | ||